Critical sociolinguistic research methods: (Record no. 1308314)
[ view plain ]
| 000 -LEADER | |
|---|---|
| fixed length control field | 00903nam a22002777a 4500 |
| 005 - DATE AND TIME OF LATEST TRANSACTION | |
| control field | 20250401110921.0 |
| 008 - FIXED-LENGTH DATA ELEMENTS--GENERAL INFORMATION | |
| fixed length control field | 250401b |||||||| |||| 00| 0 eng d |
| 020 ## - INTERNATIONAL STANDARD BOOK NUMBER | |
| International Standard Book Number | 978-1-032-4956-2 (pbk) |
| 037 ## - SOURCE OF ACQUISITION | |
| Terms of availability | TB |
| 040 ## - CATALOGING SOURCE | |
| Original cataloging agency | AL |
| Transcribing agency | AL |
| 041 ## - LANGUAGE CODE | |
| Source of code | eng |
| Language code of text/sound track or separate title | eng |
| 084 ## - COLON CLASSIFICATION NUMBER | |
| Classification number | P:(Y):f R4 |
| Assigning agency | AL |
| 100 ## - MAIN ENTRY--PERSONAL NAME | |
| Personal name | Heller, Monica |
| 9 (RLIN) | 751654 |
| 245 ## - TITLE STATEMENT | |
| Title | Critical sociolinguistic research methods: |
| Remainder of title | Studying language issues that matter |
| 250 ## - EDITION STATEMENT | |
| Edition statement | 2nd Ed |
| 260 ## - PUBLICATION, DISTRIBUTION, ETC. | |
| Place of publication, distribution, etc. | New York, USA: |
| Name of publisher, distributor, etc. | Routledge, |
| Date of publication, distribution, etc. | 2024 |
| 300 ## - PHYSICAL DESCRIPTION | |
| Extent | ix, 225p. |
| 365 ## - TRADE PRICE | |
| Price amount | 39.99 |
| Currency code | UKP |
| 650 ## - SUBJECT ADDED ENTRY--TOPICAL TERM | |
| Topical term or geographic name entry element | Social |
| 9 (RLIN) | 751655 |
| 650 ## - SUBJECT ADDED ENTRY--TOPICAL TERM | |
| Topical term or geographic name entry element | Linguistics |
| 650 ## - SUBJECT ADDED ENTRY--TOPICAL TERM | |
| Topical term or geographic name entry element | Research Method |
| 9 (RLIN) | 751656 |
| 700 ## - ADDED ENTRY--PERSONAL NAME | |
| Personal name | Pietikainen, Sari (Author) |
| 9 (RLIN) | 751657 |
| 700 ## - ADDED ENTRY--PERSONAL NAME | |
| Personal name | Pujolar, Joan |
| 9 (RLIN) | 751658 |
| 942 ## - ADDED ENTRY ELEMENTS (KOHA) | |
| Source of classification or shelving scheme | Colon Classification (CC) |
| Koha item type | Textbook |
| Edition | 2nd Ed. |
| Classification part | P:(Y):f R4 |
| Suppress in OPAC | No |
| Withdrawn status | Lost status | Source of classification or shelving scheme | Damaged status | Not for loan | Home library | Current library | Date acquired | Source of acquisition | Cost, normal purchase price | Inventory number | Total Checkouts | Full call number | Barcode | Date last seen | Price effective from | Koha item type |
|---|---|---|---|---|---|---|---|---|---|---|---|---|---|---|---|---|
| Colon Classification (CC) | Arts Library | Arts Library | 2025-04-01 | Elite Publishers Distributors | 39.99 | 15048 2025-02-28 | P:(Y):f R4 | AL1804501 | 2025-04-01 | 2025-04-01 | Textbook |
